| 000 | 00466nam a2200193Ia 4500 | ||
|---|---|---|---|
| 003 | OSt | ||
| 005 | 20251010112622.0 | ||
| 008 | 250729s2005 xx 000 0 und d | ||
| 020 | _a978-8171699568 | ||
| 040 | _cAL | ||
| 041 | _aeng | ||
| 082 | _a500.7 SENT | ||
| 100 |
_aSem B R _9222942 |
||
| 245 | _aTeaching science in classrooms | ||
| 260 |
_aNew Delhi _bCommonwealth Publishers _c2005 |
||
| 300 | _a262p | ||
| 650 |
_aScience _9222943 |
||
| 942 |
_2ddc _cBED |
||
| 999 |
_c235678 _d235678 |
||